000
00310nam a22001337a 4500
008
171123b xxu||||| |||| 00| 0 eng d
020
_a
9780470251386
041
_a
eng
080
_2
5 ED
_a
612.39
100
_a
40
101
_a
NUT
245
_a
FOOD AND BEVERAGE COST CONTROL
_c
LEA.R.D
942
_2
udc
_c
BK
999
_c
38310
_d
38310